Statistics for Countries Closest to Myanmar

Click here to take the quiz!

General Stats

  • This quiz has been taken 141 times
  • The average score is 18 of 20

Answer Stats

kmcountrymiles% Correct
0Laos0
100%
0Thailand0
100%
126Vietnam78
100%
0China0
99%
0India0
99%
539Indonesia335
98%
0Bangladesh0
97%
1629Sri Lanka1012
97%
324Cambodia201
97%
1109Singapore689
96%
590Nepal366
96%
405Malaysia252
96%
297Bhutan185
94%
1994Pakistan1239
94%
1767Taiwan1098
89%
2055Philippines1277
89%
1780Brunei1106
88%
1576Mongolia979
87%
2179Kazakhstan1354
69%
2170Kyrgyzstan1348
63%

Score Distribution

Percentile by Number Answered

Percent of People with Each Score

Your Score History

You have not taken this quiz